The Practice of Social Research (9th Edition) (Record no. 531101)
[ view plain ]
| 000 -LEADER | |
|---|---|
| fixed length control field | 00322nam a2200121Ia 4500 |
| 008 - FIXED-LENGTH DATA ELEMENTS--GENERAL INFORMATION | |
| fixed length control field | 191014s9999 xx 000 0 und d |
| 082 ## - DEWEY DECIMAL CLASSIFICATION NUMBER | |
| Classification number | 300.72 |
| Author Mark | BAB |
| 100 ## - MAIN ENTRY--PERSONAL NAME | |
| Personal name | Earl Babbie |
| 9 (RLIN) | 23952 |
| 245 #4 - TITLE STATEMENT | |
| Title | The Practice of Social Research (9th Edition) |
| 260 ## - PUBLICATION, DISTRIBUTION, ETC. | |
| Place of publication, distribution, etc. | Astralia |
| Name of publisher, distributor, etc. | Wadsworth |
| Date of publication, distribution, etc. | 2001 |
| 300 ## - PHYSICAL DESCRIPTION | |
| Extent | Xxiii,498 |
| 942 ## - ADDED ENTRY ELEMENTS (KOHA) | |
| Koha item type | Book |
| Withdrawn status | Lost status | Damaged status | Not for loan | Permanent Location | Current Location | Date acquired | Source of acquisition | Cost, normal purchase price | Total Checkouts | Full call number | Barcode | Date last seen | Price effective from | Koha item type | Source of classification or shelving scheme |
|---|---|---|---|---|---|---|---|---|---|---|---|---|---|---|---|
| School of Natural Sciences (SNS) | School of Natural Sciences (SNS) | 10/15/2019 | Donation | 0.00 | 300.72BAB | SNS0002878 | 01/18/2023 | 10/15/2019 | Book | ||||||
| School of Natural Sciences (SNS) | School of Natural Sciences (SNS) | 01/18/2023 | 300.72 BAB | SNS0002877 | 01/18/2023 | 01/18/2023 | Book |
